000 00709nam a22002297a 4500
005 20251021184927.0
008 251021b |||||||| |||| 00| 0 eng d
017 _aLD.2513
018 _a2025
020 _a9789788548195
040 _aNLN
_bEnglish
_eAACR2
050 _aPR9387.9.A597
_bP288
082 _a823
100 _aANI, Light O.
_eaut
_968192
245 _aThe passion of a dreamer /
_cLight Onyiyechi Ani
260 _aBenin City, Edo State (P. O. Box 5089, No. 22 Benin Technical College Road Ugbowo) :
_bMindex Publishing Company,
_c2020
300 _a82p. ;
_b17cm.
563 _a(pbk.)
650 _aNigerian fiction (English)
650 _aNigerian literature (English)
942 _cBK
_n0
999 _c33525
_d33525